Nómades de sal. (Registro nro. 3225)
[ vista simple ]
| 000 -LEADER | |
|---|---|
| fixed length control field | 00955nam a2200217 a 4500 |
| 008 - CAMPO DE CONTROL (LIBRO) | |
| fixed length control field | 180524e2008 ag ||||g |||| 00| p spa d |
| 041 ## - CODIGO DE IDIOMA | |
| Código de idioma del texto/pista de sonido o título separado | spa |
| 092 ## - SIGNATURA TOPOGRAFICA DEWEY LOCAL | |
| número de clasificación | 808 |
| libristica | 2 |
| sección | AGO |
| 245 ## - TITULO PROPIAMENTE DICHO | |
| Título | Nómades de sal. |
| Subtítulo y Título paralelo | Textos poéticos / |
| Mención de responsabilidad y remanente de la transcripción de la portada | Mirta Agostino |
| 250 ## - MENCION DE EDICION | |
| Mención de edición | 1a ed. |
| 260 ## - PIE DE IMPRENTA | |
| Lugar de publicación, distribución, etc | Neuquén: |
| Nombre de la editorial, distribuidor, etc | EDUCO; |
| Fecha de publicación | 2008. |
| 300 ## - DESCRIPCION FISICA | |
| Extension | 86 p. |
| 500 ## - NOTA GENERAL | |
| Nota general | Agostino, M. et al. (2008). Nómades de sal. Textos poéticos. (1a ed.). Neuquén : EDUCO. |
| 505 ## - NOTA DE CONTENIDO | |
| Nota de contenido formateada | Cuatro voces viajan en el tiempo desde la escritura. Cuatro estilos dejan su huella desde orígenes y generaciones diferentes. Algo liga los distintos matices de una tonalidad, que otrora fue lecho de arena y agua salada: la época, la condición de género, el hacer desde la Patagonia. |
| 655 ## - MATERIA - GENERO/FORMA | |
| Género/Forma | Literatura |
| -- | 2917 |
| 700 1# - ENTRADAS SECUNDARIAS - NOMBRE PERSONAL | |
| Nombre personal | Agostino, Mirta. |
| 9 (RLIN) | 4278 |
| 700 1# - ENTRADAS SECUNDARIAS - NOMBRE PERSONAL | |
| Nombre personal | Cohen Williams, Verónica. |
| 9 (RLIN) | 4279 |
| 700 1# - ENTRADAS SECUNDARIAS - NOMBRE PERSONAL | |
| Nombre personal | Montes Le Forte, Liliana. |
| 9 (RLIN) | 4280 |
| 700 1# - ENTRADAS SECUNDARIAS - NOMBRE PERSONAL | |
| Nombre personal | Nieto, Cristina. |
| 9 (RLIN) | 4281 |
| 942 ## - ADDED ENTRY ELEMENTS (KOHA) | |
| Source of classification or shelving scheme | Dewey Decimal Classification |
| Item type | LITERATURA |
| Estado de retiro | Existencia | Fuente de clasificación | Estado general | No para prestamo | Ubicación permanente | ubicación actual | Sala de ubicación | Fecha de adquisición | Fuente de adquisición | Total Checkouts | Número de clasificación | Código de barras | Date last seen | Número de ejemplar | Price effective from | Koha tipo de elemento (item) | Public note | Coded location qualifier |
|---|---|---|---|---|---|---|---|---|---|---|---|---|---|---|---|---|---|---|
| Dewey Decimal Classification | Biblioteca Medicina | Biblioteca Medicina | Circulación | 12/12/2024 | Donación Diciembre 2024. Sede Tordos. | 808 2 AGO | 4966 | 12/12/2024 | Ej.1 | 12/12/2024 | LITERATURA | Donación Diciembre 2024. Sede Tordos. |